000 01507nam a2200349 a 4500
001 ebr10681226
003 CaPaEBR
006 m u
007 cr cn|||||||||
008 080721s2008 nyuab sb 001 0 eng d
010 _z 2008032036
020 _z9781606920565 (softcover)
020 _z9781606924501 (e-book)
040 _aCaPaEBR
_cCaPaEBR
035 _a(OCoLC)300205602
043 _an-us---
050 1 4 _aKF5602.132
_b.A2 2008eb
082 0 4 _a343.73/0252
_222
110 1 _aUnited States.
_bGovernment Accountability Office.
245 1 0 _aFederal Land Transaction Facilitation Act
_h[electronic resource] /
_cGovernment Accountability Office.
260 _aHauppauge, N.Y. :
_bNovinka Books,
_c2008.
300 _ax, 93 p. :
_bill. (some col.), maps (some col.)
504 _aIncludes bibliographical references and index.
533 _aElectronic reproduction.
_bPalo Alto, Calif. :
_cebrary,
_d2013.
_nAvailable via World Wide Web.
_nAccess may be limited to ebrary affiliated libraries.
610 1 0 _aUnited States.
_tFederal Land Transaction Facilitation Act.
650 0 _aPublic lands
_zUnited States
_xManagement.
650 0 _aPublic lands
_xEconomic aspects
_zUnited States.
650 0 _aGovernment purchasing of real property
_xLaw and legislation
_zUnited States.
655 7 _aElectronic books.
_2local
710 2 _aebrary, Inc.
856 4 0 _uhttp://site.ebrary.com/lib/rucke/Doc?id=10681226
_zAn electronic book accessible through the World Wide Web; click to view
999 _c60421
_d60421